000
00307nam a22001097a 4500
008
230607b |||||||| |||| 00| 0 eng d
022
_a
0971 -5045
040
_a
National Science Library
_c
National Science Library
245
_a
JIRA
260
_a
Chennai:
_b
Indian Rheumatism Association,
_c
1998
942
_c
CR
999
_c
40693
_d
40693